Kraków - linia tramwajowa nr 19 - Statystyki

Ogólne statystyki
  • Ten quiz został rozwiązany 19 razy
  • Średni wynik to 16 z 19
Statystyki odpowiedzi
Hint Odpowiedź % Poprawnych
Pętla Borek Fałęcki
100%
4. (Pętla pośrednia, awaryjna) Łagiewniki
94%
1. Solvay
94%
Pętla Dworzec Towarowy
88%
8. Korona
88%
3. Łagiewniki SKA
88%
6. Rondo Matecznego
88%
16. Dworzec Główny Tunel
82%
13. Hala Targowa
82%
2. Kościuszkowców
82%
11. Miodowa
82%
9. Plac Bohaterów Getta
82%
14. Rondo Grzegórzeckie
82%
15. Rondo Mogilskie
82%
5. Rzemieślnicza
82%
7. Smolki
82%
12. Starowiślna
82%
10. Św. Wawrzyńca
82%
17. Politechnika
76%
Nie znaleziono quizów pasujących do podanych kryteriów
Rozkład punktacji
Procent ludzi z każdym wynikiem
Percentyl według liczby udzielonych odpowiedzi
Twoja historia wyników
Nie rozwiązałeś tego quizu